15 krajów o największej liczbie zgonów Covid19 - 26 lipca - Statystyki

Ogólne statystyki
  • Ten quiz został rozwiązany 32 razy
  • Średni wynik to 11 z 20
Statystyki odpowiedzi
kraj % Poprawnych
Stany Zjednoczone
97%
Rosja
90%
Niemcy
87%
Francja
81%
Hiszpania
77%
Wielka Brytania
77%
Brazylia
74%
Włochy
71%
Kanada
68%
Indie
61%
Meksyk
55%
Szwecja
55%
Holandia
39%
Iran
39%
Irlandia
39%
Belgia
29%
Chile
29%
Peru
29%
Ekwador
16%
Panama
3%
Nie znaleziono quizów pasujących do podanych kryteriów
Rozkład punktacji
Procent ludzi z każdym wynikiem
Percentyl według liczby udzielonych odpowiedzi
Twoja historia wyników
Nie rozwiązałeś tego quizu